000 00708cam a22002533a 4500
001 23339
003 PGUSA
005 20140828083510.0
008 071105s2007||||xxu|||||s|||||000 1 eng d
040 _aPGUSA
_beng
042 _adc
050 4 _aPS
100 1 _aCole, Everett B.,
_d1918-1977
245 1 0 _aIndirection
_h[electronic resource] /
_cEverett B. Cole
260 _bProject Gutenberg,
_c2007
506 _aPublic domain in the USA.
516 _aElectronic text
653 _aExtraterrestrial beings -- Fiction
653 _aScience fiction
700 1 _aFreas, Kelly,
_d1922-2005
830 0 _aProject Gutenberg
_v23339
856 4 0 _uhttp://www.gutenberg.org/ebooks/23339
942 _cEB
999 _c252594
_d252594